000 00768nab a2200241u 4500
001 07693
003 HDC
007 c| |||a|c|aaaa
008 210128b20160218my ||||| |||| 00| 0 may d
040 _aHDC
100 _aFaizatul Farlin Farush Khan
_eauthor
_98222
245 0 _aHalal bebas kimia /
_cFaizatul Farlin Farush Khan
336 _atext
_2rdacontent
337 _acomputer
_2rdamedia
338 _aonline resource
_2rdacarrier
650 _aCosmetics
_924
650 _aQamare products
_98223
710 _aHarian Metro
856 _zRequest full-text at [email protected]
942 _2lcc
942 _cNEWS
942 _kNWSC 001411
999 _c5016
_d5016